| 000 | 00508nam a2200157 4500 | ||
|---|---|---|---|
| 001 | 144507 | ||
| 003 | ES-MaACL | ||
| 007 | t| | ||
| 008 | 070214s1974 sp r ||||1| spa d | ||
| 100 | 1 |
_aSix, Jean François. _9106730 |
|
| 245 | 1 | 0 |
_aJesús / _cJean François Six ; [traducción, Juan Luis Herrero del Pozo]. |
| 260 |
_aBarcelona : _bCírculo de Lectores, _c1974. |
||
| 300 |
_a286 p., 37 lám. : _bil. ; _c24 cm. |
||
| 700 | 1 |
_aHerrero del Pozo, Juan Luis. _963307 |
|
| 852 |
_aES-MaACL _jE-6275 _bR.90769 |
||
| 999 |
_c144507 _d144507 |
||